000 00537nam a2200181 i 4500
001 62413
003 ES-MaACL
007 t|
008 031120s1983 sp ||||1| spa d
100 1 _aFernández, Pablo Armando.
_949416
245 1 4 _aLos niños se despiden /
_cPablo Armando Fernández.
260 _a[Madrid] :
_bAlfaguara,
_c[1983]
300 _a465 p. ;
_c20 cm.
490 1 _aLiteratura Alfaguara ;
_v111
830 0 _aLiteratura Alfaguara ;
_v111
_9178100
852 _aES-MaACL
_jL-5167
_bR.105682
999 _c62413
_d62413